000 00250nam a22000857a 4500
008 160630b xxu||||| |||| 00| 0 eng d
100 _91603
_a Garg, P.K
245 _aQuestions for Revision in Mathematics - IX
260 _aNew Delhi
_bArya Publication
_c2003
999 _c1328
_d1328